000 00993nam a2200265 a 4500
001 000003737
005 20200929150542.0
008 090713s2007 dr ac r 000 0 spa d
020 _a9789592104747
040 _aDO-SdBNP
_bspa
_cBNPHU
082 _a972.9106
_bA319g
100 1 _aAlandro Cardoso, Mayra,
_d1958-
_911373
245 1 3 _aLa guerra de liberación nacional en Cuba 1956-1959 /
_cMayra Alandro Cardoso, Servando Valdés Sánchez, Luis Rosado Eiró.
260 _aLa Habana :
_bAbril,
_c2007.
300 _a226 p. :
_bil., retrs. ;
_c24 cm.
500 _aIncluye datos biográficos de los autores.
500 _aIncluye notas al final de cada capítulo
500 _aIncluye índice
504 _aIncluye referencias bibliográficas
651 4 _aCuba
_xHistoria
_yREVOLUCIÓN, 1959
_xCampañas
_911374
651 4 _aCuba
_xHistoria
_y1933-1959
_911375
700 1 _aValdés Sánchez, Servando,
_d1957-
_911376
700 1 _aRosado Eiró, Luis,
_d1949-
_911377
049 _aEn proceso
999 _c3559
_d3559